Inseln nach Umriss #1 - Statistiken

Allgemein
  • Dieses Quiz wurde 310 mal gespielt
  • Das Durchschnittsergebnis liegt bei 9 aus 16
Antwortstatistiken
Bildquiz Antwort % Korrekt
Australien
98%
Island
96%
Zypern
96%
Sri Lanka
90%
Kuba
89%
Großbritannien
86%
Grönland
82%
Sizilien
66%
Kreta
48%
Neuguinea
32%
Neufundland
31%
Hokkaido
29%
Sulawesi
26%
Nordinsel
24%
Baffin
17%
Hawaii
6%
Keine übereinstimmenden Quizze gefunden
Verteilung der Resultate
Anzahl Personen mit jedem Resultat
Perzentil nach korrekt beantworteten Fragen
Ihre Resultats-Entwicklung
Sie haben dieses Quiz noch nicht gespielt